000 01461nam a2200349Ia 4500
001 896
003 CO-BoRNBP
005 20260310202432.0
007 ta
008 121119s2002 sp gr 000 f spa
020 _a8434811219
020 _a9788434811218
040 _aCO-BoRNBP
_bspa
_erda
_cCO-BoRNBP
041 1 _aspa
084 _aN WIL3
100 1 _aWilson, Eric Hamilton
_d1940-
_9269
245 1 0 _aAsesinato en el "Canadian Express"
_cEric Wilson ; traducción de Pedro Barbadillo ; ilustraciones,Tom McNeely
250 _aPrimera edición
264 _aMadrid
_bS.M.
_c2002
300 _a159 páginas
_c19 cm
336 _atexto
_btxt
_2rdacontent
337 _asin mediación
_bn
_2rdamedia
338 _avolumen
_bnc
_2rdacarrier
490 0 _aEl barco de vapor. Serie Naranja
_vN° 36
520 3 _aTom Austen es un muchacho canadiense que sueña con ser detective cuando sea mayor. Va a pasar el verano con sus abuelos, por lo que viaja en el Canadian Express. Este ferrocarril, que recorre 4.633 km, sale diariamente de Montreal y emplea tres días en llegar a su destino, Vancúver. Durante el viaje se comete un asesinato. Tom se propone resolverlo y empieza a investigar.
650 1 4 _aAsesinatos
_vNovela
_2LEMB
_9270
650 1 4 _aDetectives
_vNovela
_2LEMB
_9271
650 1 4 _aLiteratura juvenil canadiense
_2LEMB
_9272
700 1 _aBarbadillo, Pedro
_etraductor
_9273
700 1 _aMcNeely, Tom
_eilustrador
_9274
942 _cBKLIT
_2ddc
999 _c896
_d896